000 00569nam a2200181 4500
001 121674
003 ES-MaACL
005 20230906191810.0
007 t|
008 070214s1922 fr r ||||1| fre d
100 0 _aPlatón.
_992598
245 1 0 _aPhédon
_b: ou De l'Immortalité de l'Ame /
_cPlaton ; traduction intégrale et mouvelle avec Prolegoménes et Notes par Mario Meunier.
260 _aParis :
_bPayot,
_c1922.
300 _a323 p. ;
_c19 cm.
700 1 _aMeunier, Mario.
_980758
740 0 _aDe l'Immortalité de l'Ame.
852 _aES-MaACL
_jF-5339
999 _c121674
_d121674